000 00282nam a2200133Ia 4500
100 _aMARUTI SUZUKI
650 _aMOTOR MECHANIC
942 _cBK
245 _aSERVICE TRAINING HANDBOOK ADVANCE COURSE
260 _b#N/A
082 _a629.3/SUZ
546 _aENGLISH
999 _c27360
_d27360